000 nam a22 7a 4500
999 _c126494
_d126494
008 170524b xxu||||| |||| 00| 0 eng d
020 _a9780143122623
050 _aPZ4.C183 T7 2013
100 _aCamilleri, Andrea
_931011
245 _aTreasure Hunt
_cAndrea Camilleri, translated by Stephen Sartarelli
260 _aNew York
_bPenguin Books
_c2013
300 _a278p. ;
_c20cm.
440 _aAn Inspector Montalbano Mystery
_931006
942 _2lcc
_cMONOGRAPH